Optical model of the atomic nucleus /

Bibliographic Details
Main Author: Gomolčák, Ladislav
Other Authors: Úlehla, Ivan, Pluhař, Zdeněk
Format: Book
Language:English
Published: Prague : New York : Pub. House of the Czechoslovak Academy of Sciences; Academic Press, 1964.
Subjects:

MARC

Tag First Indicator Second Indicator Subfields
LEADER 00000cam a2200000 4500
001 in00000041969
005 20151007064837.0
008 750724s1964 cs b 00000 eng u
010 |a  64025683  
035 |a (OCoLC)01474511 
035 |9 AAE0742AM 
040 |c FQG  |d TXA  |d UtOrBLW 
049 |a TXAM  |c 1 [420577] 
050 0 0 |a QC173  |b .G6563 
082 0 |a 539.72 
092 |a 539.72  |b G634o, 1964 
100 1 |a Gomolčák, Ladislav. 
245 1 0 |a Optical model of the atomic nucleus /  |c [by] Ivan Ulehia, Ladislav Gomolcak [and] Zdenek Pluhar. Translated by G. Alter. 
264 1 |a Prague :  |b Pub. House of the Czechoslovak Academy of Sciences;  |a New York :  |b Academic Press,  |c 1964. 
300 |a 147 pages :  |b illustrations ;  |c 25 cm. 
336 |a text  |b txt  |2 rdacontent 
337 |a unmediated  |b n  |2 rdamedia 
338 |a volume  |b nc  |2 rdacarrier 
500 |a Authors' names in reverse order in original Czech. edition published in 1962. 
504 |a Includes bibliographies. 
650 0 |a Nuclear optical models. 
700 1 |a Úlehla, Ivan. 
700 1 |a Pluhař, Zdeněk. 
999 |a MARS 
999 f f |s 96c55b8e-bb59-30cc-ae23-b740aa7d0137  |i ff970170-8832-3fb5-9834-e6d4ef2e770d  |t 0 
952 f f |p ric  |a Texas A&M University  |b Rellis Campus  |c Joint Library Facility  |d Remote Storage  |t 0  |e QC173 .G6563  |h Library of Congress classification  |i unmediated -- volume  |m A14800929617 
998 f f |a QC173 .G6563  |t 0  |l Remote Storage